Statystyki dla Członkowie rodziny królewskiej z UK. | #2

Kliknij tutaj aby rozwiązać quiz!

Ogólne statystyki

  • Ten quiz został rozwiązany 7 razy
  • Średni wynik to 5 z 6

Statystyki odpowiedzi

Odpowiedź% Poprawnych
Książę Henryk
100%
Księżna Diana
100%
Książę Andrzej, książę Yorku
80%
Książę Jerzy
80%
Księżniczka Karolina
80%
Książę Ludwik
40%

Rozkład punktacji

Percentyl według liczby udzielonych odpowiedzi

Procent ludzi z każdym wynikiem

Twoja historia wyników

Nie rozwiązałeś tego quizu